000 00451nam a2200181Ia 4500
001 19639
005 20260306172708.0
008 260306t2009||||xx |||||||||||||| ||spa||
041 _aESP
082 _a340.7
_bR91 2009
100 _aRubio Correa, Marcial
_eAUT
245 0 _aEl sistema jurídico:
_bintroducción al derecho
260 _c2009
300 _a346 páginas :
_c24 cm.
650 _aGEN
654 _aCDE
942 _cLIB
_dJUS
_fJUS
_2ddc
_n
999 _c19639
_d19639